Responses for show #5900 - Friday, April 16, 2010

2009-2010 Million Dollar Celebrity Invitational quarterfinal game 9.

Contestants

CCH Pounder, an actress from Avatar and Brothers

Isaac Mizrahi, a fashion designer and TV personality from the QVC Network

Jane Curtin, an actress from Kate & Allie and 3rd Rock from the Sun

Jeopardy! Round responses

THE SHIELD
THE 82nd ACADEMY AWARDS
TELL ME EVERYTHING
EDIBLE STATE SYMBOLS
CURTAINS
SAME FIRST & LAST LETTER
    $200 8
a kite

Jane
    $200 11
(CC: Who is Steve Martin and Alex Baldwin?)
(Alex: Nope.)
(CC: Alec Baldwin.)
(Alex: Okay, you corrected yourself there. We'll give it to you.)

Steve Martin & Alec Baldwin

CC
    $200 22
a snail

Jane
    $200 16
(Isaac: What is New York State?)

Washington

JaneIsaac
    $200 1
Scarlett O'Hara

Jane
    $200 6
takeout

Isaac
    $400 9
Scotland

Jane
    $400 12
Kathryn Bigelow

Isaac
    $400 17
New Mexico

Triple Stumper
    $400 2
(Isaac: What are air bombs? Bombs? [*]?)

air raids

Isaac
    $400 7
(Jane: What is Krakow?)

Warsaw

JaneCC
    $600 10
an iron

CC
    $600 21
(Alex: Yes, with a minute to go.)

Sandra Bullock

Jane
    $600 18
Louisiana

Jane
    $600 3
a café

Jane
    $600 13
lateral

Jane
    $800 23
a turtle

Jane
    $800 25
Christoph Waltz

CC
    $800 19
Idaho

Jane
    $300 4
an eclipse

Jane
    $800 14
Ohio

Jane
    $1000 24
(Jane: What is Egypt?)

Greece

Jane
Triple Stumper
    $1000 26
(Isaac: Who is, um, Hattie McDaniels?)
[Accepted as correct without comment]
[The end-of-round signal sounds.]

Hattie McDaniel

Isaac
    $1000 20
Massachusetts

Isaac
    $1000 5
a proscenium arch

Isaac
    $1000 15
a rancher

Jane

Scores at the first commercial break (after clue 12):

Jane Isaac CC
$1,300 $2,000 $1,200

Scores at the end of the Jeopardy! Round:

Jane Isaac CC
$5,900 $3,800 $2,000

Double Jeopardy! Round responses

MOUNT RUSHMORE
GRAMMY SONG OF THE YEAR
(Alex: ...which goes to the writer, and that's who you have to identify.)
COMPLETE THE AD SLOGAN
BESTSELLERS
"CEL"EBRITY WORDS
I'D RATHER PAY TAXES
    $400 16
(CC: What is North Dakota?)

South Dakota

JaneCC
    $400 17
(Isaac: Who is James Taylor?)

Paul Simon

JaneIsaac
    $400 1
smile

Isaac
    $400 6
Sunnybrook

CC
    $400 11
the cellar

Jane
    $400 23
(Alex: Right, with a minute to go.)

Lincoln

Jane
    $800 22
Thomas Jefferson

Triple Stumper
    $800 18
Amy Winehouse

Jane
    $800 2
red

Isaac
    $800 7
(Charles) Schulz

Isaac
    $800 12
cellulite

Jane
    $800 24
Garbo

Isaac
    $1200 28
[The end-of-round signal sounds.]

dynamite

CC
    $1200 19
Sting

Jane
    $1200 3
spell

Isaac
    $1200 8
(Isaac: What is change?)

Cry

Isaac
Triple Stumper
    $1200 13
cellophane

Jane
    $1200 25
The Beverly Hillbillies

Jane
    $1600 20
Carole King

Isaac
    $1600 4
(Isaac: What is "It's where you want to be"?)

everywhere

Isaac
Triple Stumper
    $4,200 9
(Isaac: Let's make it a daily double.)
(Alex: Whoa, hello!)
(Isaac: Well, it's for charity--right?)
(Alex: I'm not here to advise you.)
(Isaac: Well, let's go, let's go.)
...
(Isaac: I don't know this, but I'll try who is [*]?)

(H.G.) Wells

Isaac
    $1600 14
Celsius

Jane
    $1600 26
Lord Baltimore

Jane
    $2000 21
(CC: Who is Dionne Warwick?)
...
(CC: Oh, writers, you dingleberry!)

Burt Bacharach (or Carole Bayer Sager)

CC
Triple Stumper
    $2000 5
table table table

Triple Stumper
    $2000 10
Edgar Sawtelle

Triple Stumper
    $2000 15
celibate

Jane
    $2000 27
(Jean-Paul) Sartre

Jane

Scores at the end of the Double Jeopardy! Round:

Jane Isaac CC
$19,900 $10,400 $1,200

[wagering suggestions for these scores]

Final Jeopardy! Round responses

ACTORS
(Alex: One of England's most celebrated actors.)
CCWho is Alec Guiness
$1,200
IsaacWho is Laurence Olivier? (sp?)
$10,400
JaneWho is Sir Laurence Olivier
$18,000
Laurence Olivier

Final scores:

Jane Isaac CC
$37,900 $20,800 $0
Winner: $50,000 to the U.S. Fund For UNICEF 2nd place: $25,000 to Good Shepherd Services 3rd place: $25,000 to the African Millennium Foundation

Game dynamics:

Coryat scores:

Jane Isaac CC
$20,400 $7,800 $1,200
27 R
(including 1 DD),
2 W
13 R
(including 1 DD),
4 W
6 R,
2 W

Combined Coryat: $29,400

The J! Archive is created by fans, for fans. The Jeopardy! game show and all elements thereof, including but not limited to copyright and trademark thereto, are the property of Jeopardy Productions, Inc. and are protected under law. This website is not affiliated with, sponsored by, or operated by Jeopardy Productions, Inc. Join the discussion at JBoard.tv.